Circuits And Networks (Record no. 225599)

MARC details
000 -LEADER
fixed length control field 00501nam a2200181Ia 4500
008 - FIXED-LENGTH DATA ELEMENTS--GENERAL INFORMATION
fixed length control field 230714s9999 xx 000 0 und d
020 ## - INTERNATIONAL STANDARD BOOK NUMBER
International Standard Book Number 9790000000000
041 ## - LANGUAGE CODE
Language code of text/sound track or separate title eng
082 ## - DEWEY DECIMAL CLASSIFICATION NUMBER
Classification number 621.319'2
Item number SUD
100 ## - MAIN ENTRY--PERSONAL NAME
Personal name Sudhakar A.
245 ## - TITLE STATEMENT
Title Circuits And Networks
Remainder of title Analysis And Synthesis
250 ## - EDITION STATEMENT
Edition statement 5th ed.
260 ## - PUBLICATION, DISTRIBUTION, ETC. (IMPRINT)
Date of publication, distribution, etc. 2018
Name of publisher, distributor, etc. McGraw Hill
300 ## - PHYSICAL DESCRIPTION
Extent 935
365 ## - TRADE PRICE
Currency code Rs.
Price amount 599.00
700 ## - ADDED ENTRY--PERSONAL NAME
Personal name Sudhakar A. & Palli S.S.
9 (RLIN) 187891
906 ## - LOCAL DATA ELEMENT F, LDF (RLIN)
d O:0651616-Aug-2019B:561203-Aug-2019
c SE
b 1174.04

No items available.